MARC

LEADER 00000nam0a2200000 4500
001 310375
005 20231102002300.0
020 |a RU  |b 82-9341 
035 |a (RuTPU)RU\TPU\book\335724 
090 |a 310375 
100 |a 20151125d1982 m y0rusy5003 ca 
101 0 |a rus 
102 |a RU 
105 |a a z 001zy 
200 1 |a Художественное олово в России X VII века. Из собраний Эрмитажа  |e научный каталог  |f А. С. Косцова 
210 |a Ленинград  |c Искусство  |d 1982 
215 |a 80 с.  |c ил. 
320 |a Библиография в примечаниях. 
606 |a Эрмитаж  |2 stltpush  |3 (RuTPU)RU\TPU\subj\21412  |9 46411 
606 |a Металлы  |x Художественная обработка  |2 stltpush  |3 (RuTPU)RU\TPU\subj\64664  |9 81443 
610 1 |a Ленинград 
610 1 |a оловянные изделия 
610 1 |a 17 век 
610 1 |a олово 
610 1 |a Россия 
610 1 |a музейные собрания 
610 1 |a каталоги 
675 |a 7(069)  |v 3 
675 |a 739  |v 3 
700 1 |a Косцова  |b А. С.  |g Александра Семеновна 
801 0 |a RU  |b RuMRKP  |c 19950704  |g psbo 
801 1 |a RU  |b 63413507  |c 20151125 
801 2 |a RU  |b 63413507  |c 20180608  |g RCR 
942 |c BK